Score 0/16 Timer 01:30
0 Plays Today
Hint Answer % Correct
In the Heat of the ________Night
93.5%
________ ClubFight
90.5%
At First ________Sight
89%
The Dark ________Knight
88%
The ________ StuffRight
87.9%
They ________ Be GiantsMight
87.9%
The ________ Saga: New MoonTwilight
83.8%
________ the BulletBite
78.1%
Hint Answer % Correct
________ of the PhoenixFlight
74.3%
The ________ RunnerKite
71.6%
________ NoiseWhite
67%
________ StarBright
53.3%
________ NightFright
48.8%
A ________ Case of MurderSlight
30.4%
Idiot's ________Delight
20.1%
________ MarriageSpite
4.8%

Today's Daily Dose

Remove Ads.
Support Sporcle.
Get the best of Sporcle when you Go Orange. This ad-free experience offers more features, more stats, and more fun while also helping to support Sporcle. Thank you for becoming a member.

You're not logged in!

Compare scores with friends on all Sporcle quizzes.
OR
Log In

Show Comments

Extras

Top Quizzes Today


Score Distribution

Your Account Isn't Verified!

In order to create a playlist on Sporcle, you need to verify the email address you used during registration. Go to your Sporcle Settings to finish the process.

Report this User

Report this user for behavior that violates our Community Guidelines.

Details: